Statistiken für Top 10 meistverkaufte Videospiele

Klicken Sie hier um das Quiz zu spielen!

Allgemein

  • Dieses Quiz wurde 1.072 mal gespielt
  • Das Durchschnittsergebnis liegt bei 3 aus 10

Antwortstatistiken

Top 10
Games
% Korrekt
1.Minecraft
88%
2.Grand Theft Auto V/ GTA 5
72%
3.Tetris
58%
4.Wii Sports
32%
6.Super Mario Bros
25%
5.PlayerUnknown‘s Battleground/ PUBG
20%
7.Mario Kart 8 Deluxe
12%
8.Overwatch
12%
10.Red Dead Redemption 2/ RD2
12%
9.Pokemon Red/Pokemon Green/Pokemon blue/Pokemon yellow
3%

Verteilung der Resultate

Perzentil nach korrekt beantworteten Fragen

Anzahl Personen mit jedem Resultat

Ihre Resultats-Entwicklung

Sie haben dieses Quiz noch nicht gespielt